000 00933cam a2200193 4500
001 WB3927-17
008 030716n2003 000 0 eng u
035 _a(Sirsi) u123028
245 _aDoubts remain over benefits of GM crops
260 _c2003
490 _aCabinet Office Press Release
_v(CAB 043/03) 11 July 2003 (3)
520 _aThe government strategy unit has published its report "Field work: weighing up the costs and benefits of GM crops", which examines the overall situation over the next 10-15 years regarding the growing of genetically modified crops. It concludes that the economic benefits are likely to be limited and the future development depends on the effectiveness of the regulatory system. http://www.cabinet-office.gov.uk/news/2003/030711_sureport.asp
590 _aWB
650 _aGENETICALLY MODIFIED CROPS
650 _aFARMING
650 _aAGRICULTURE
690 _aRural
_96268
942 _n0
999 _c73062
_d73062